000 01246ncm a2200349 c 4500
999 _c349965
_d349965
003 BLK
005 20200330160159.0
008 180414b bul |a|er|||| |0| c|bulo|
010 _aNOT00001460000
040 _aBLK
041 _aBUL
_cBUL
080 _aДуо флейта и пиано
_b785.72:788.5:786.2
_z785.72:788.5:786.2
080 _aФлейта
_b788.5
_z788.5
139 _aКонцерти за флейта и пиано
_bК 84
245 1 0 _aКонцерти за флейта и пиано
_cСъстав. Венцислав Киндалов.
254 _aКлавир
257 _aBGR
260 _bНаука и изкуство
_c1984
_aСофия
300 _a76 с.
_c33 см
380 _a7
505 _rМишел Блаве.
_tКонцерт, ла минор
505 _rЛуиджи Бокерини.
_tКонцерт, оп. 27, ре мажор
505 _rФрансоа Дьовиен.
_tКонцерт №7, ми минор
650 0 _aФлейта - концерти, концертини
_9353950
650 4 _aДуо - дървени духови и пиано
_9362273
653 _aфлейта
653 7 _aконцерти
_9189133
700 _9362790
_aКиндалов, Венцислав
_eсъстав.
852 _aЦб М ІІ 9328
_p0
856 4 _qpdf
_u
856 4 _qpdf
_u
942 _cNOT
_n0
_s1
944 _aCR
_c22.11.2005
_kИрена_Линкова
944 _aED
_c07.03.2007
999 _d349965
999 _d349965
999 _d302639